[Event "AUTO-INT-2578"]
[Site "http://www.queenalice.com/game.php?id=1211553"]
[Date "2013.8.26"]
[Round "2"]
[White "biskydad"]
[Black "pablin"]
[Result "0-1"]
[WhiteElo "1748"]
[BlackElo "1780"]

1. d4 d5 2. c4 c6 3. Nc3 Nf6 4. f3 Bf5 5. cxd5 cxd5 6. e3 e6 7. Bd3 Bb4 8. Bxf5
exf5 9. Ne2 O-O 10. a3 Ba5 11. b4 Bc7 12. O-O Nbd7 13. f4 Nb6 14. Ng3 Nc4 15.
Nxf5 Qd7 16. Ng3 Rfe8 17. a4 Nxe3 18. Bxe3 Rxe3 19. Nce2 a6 20. Qd2 Ree8 21. a5
Ne4 22. Nxe4 Rxe4 23. f5 Rae8 24. Nc3 Re3 25. f6 Qg4 26. Nxd5 Re2 27. Qd1 Qxg2#
0-1

[Event "AUTO-INT-2581"]
[Site "http://www.queenalice.com/game.php?id=1216757"]
[Date "2013.9.13"]
[Round "2"]
[White "jgfmelo"]
[Black "pablin"]
[Result "0-1"]
[WhiteElo "1924"]
[BlackElo "1728"]

1. e4 e5 2. Nf3 Nf6 3. d3 Bc5 4. Nxe5 d6 5. Nc4 O-O 6. Bg5 Nc6 7. h3 h6 8. Bxf6
Qxf6 9. f3 Be6 10. Nbd2 b5 11. Na3 Qxb2 12. Nxb5 Qxb5 13. d4 Qb4 14. dxc5 dxc5
15. Be2 Rfd8 16. Qc1 Nd4 17. c3 Nxe2 18. Kxe2 Qb6 19. g4 f6 20. h4 a5 21. g5
fxg5 22. hxg5 hxg5 23. Rh5 g4 24. Qh1 gxf3+ 25. Qxf3 Rxd2+ 26. Ke3 c4+ 27. Kxd2
Qb2+ 28. Ke3 Qxc3+ 29. Kf4 Qxa1 30. e5 Rf8+ 31. Ke4 Rxf3 0-1

[Event "AUTO-INT-2581"]
[Site "http://www.queenalice.com/game.php?id=1216758"]
[Date "2013.9.13"]
[Round "2"]
[White "pablin"]
[Black "jgfmelo"]
[Result "1-0"]
[WhiteElo "1772"]
[BlackElo "1857"]

1. d4 d5 2. c4 Nc6 3. Nf3 h6 4. Nc3 dxc4 5. e4 Bg4 6. Bxc4 Nf6 7. O-O Bxf3 8.
gxf3 Qxd4 9. Qb3 e6 10. Qxb7 Qxc4 11. Qxa8+ Ke7 12. Be3 g5 13. Qb7 Ne8 14. Rac1
Qxf1+ 15. Kxf1 Ne5 16. Ke2 Bg7 17. Nb5 Kf6 18. Bd4 Kg6 19. Nxc7 a5 20. Nxe8 Rxe8
21. Rc8 Rxc8 22. Qxc8 Kh7 23. Bxe5 Bxe5 24. Qd8 Bxb2 25. Qxa5 Kg6 26. a4 h5 27.
Ke3 e5 28. h3 Bd4+ 29. Ke2 g4 30. fxg4 1-0

[Event "AUTO-INT-2581"]
[Site "http://www.queenalice.com/game.php?id=1216763"]
[Date "2013.9.13"]
[Round "2"]
[White "pablin"]
[Black "Admilton"]
[Result "0-1"]
[WhiteElo "1815"]
[BlackElo "1606"]

1. d4 e6 2. c4 c6 3. Nc3 h6 4. Nf3 d5 5. cxd5 cxd5 6. Bf4 Nc6 7. e3 a6 8. Be2
Qf6 9. Ne5 Bd6 10. O-O Bxe5 11. Bxe5 Nxe5 12. dxe5 Qxe5 13. Qa4+ Bd7 14. Qb4 b5
15. Bf3 Ne7 16. Rfd1 Nc6 17. Qb3 Na5 18. Qc2 b4 19. Na4 Rc8 20. Nc5 Bb5 21. Be2
Bxe2 22. Qxe2 Rxc5 23. Qxa6 O-O 24. Rac1 Rxc1 25. Rxc1 Qxb2 0-1

[Event "AUTO-INT-2581"]
[Site "http://www.queenalice.com/game.php?id=1216764"]
[Date "2013.9.13"]
[Round "2"]
[White "Admilton"]
[Black "pablin"]
[Result "1/2-1/2"]
[WhiteElo "1580"]
[BlackElo "1751"]

1. Nf3 d6 2. h3 e5 3. e4 Nf6 4. d3 Be7 5. b4 O-O 6. Nc3 Nc6 7. a3 Nd4 8. Be3
Nxf3+ 9. Qxf3 c6 10. Qg3 Nh5 11. Qf3 b6 12. Qxh5 g6 13. Qd1 d5 14. d4 exd4 15.
Bxd4 Bb7 16. Qd2 Bg5 17. Be3 Bxe3 18. Qxe3 d4 19. Qd2 dxc3 20. Qxc3 Qh4 21. Bd3
Rfe8 22. Qd4 c5 23. g3 cxd4 24. gxh4 Bxe4 25. Bxe4 Rxe4+ 26. Kd2 Rxh4 27. Rae1
Rf4 28. Rh2 Rf3 29. Ra1 Rc8 30. h4 a5 31. Ke2 Rfc3 32. Ra2 Rxc2+ 33. Rxc2 Rxc2+
34. Kd3 Ra2 35. Kxd4 Rxa3 36. bxa5 bxa5 37. Kc4 Ra1 38. f3 f5 39. Rd2 a4 40. Kb4
Rh1 41. Rd4 Rf1 42. Rd3 1/2-1/2

[Event "AUTO-INT-2581"]
[Site "http://www.queenalice.com/game.php?id=1216766"]
[Date "2013.9.13"]
[Round "2"]
[White "gremioimortal"]
[Black "pablin"]
[Result "0-1"]
[WhiteElo "1473"]
[BlackElo "1744"]

1. e4 e5 2. Qh5 Nc6 3. c3 Nf6 4. Qf3 Be7 5. Bc4 O-O 6. d3 Bc5 7. Qg3 g6 8. h4
Na5 9. h5 Nxc4 10. hxg6 fxg6 11. Qh3 h5 12. g4 d6 13. b3 Nb6 14. f4 Nxg4 15. Qg3
exf4 16. Qh4 Qxh4+ 17. Rxh4 Bf2+ 18. Kf1 Bxh4 19. Nf3 Be7 20. Bxf4 Rxf4 21. Nd2
Nh2+ 22. Kf2 Nxf3 23. Nxf3 Bg4 0-1

[Event "AUTO-INT-2583"]
[Site "http://www.queenalice.com/game.php?id=1221006"]
[Date "2013.9.30"]
[Round "2"]
[White "pablin"]
[Black "clark7a2"]
[Result "0-1"]
[WhiteElo "1821"]
[BlackElo "1552"]

1. d4 d5 2. c4 c6 3. cxd5 cxd5 4. Nc3 e6 5. Nf3 h6 6. Bf4 a6 7. e3 Nf6 8. Be2
Bb4 9. O-O Bxc3 10. bxc3 O-O 11. c4 dxc4 12. Bxc4 b5 13. Bb3 Bb7 14. Bc2 Be4 15.
Bb3 Bxf3 16. Qxf3 Nbd7 17. Rfc1 Rc8 18. Rd1 Nh7 19. Rac1 Rxc1 20. Rxc1 a5 21.
Bc2 Ndf6 22. Bd3 b4 23. Qg3 Kh8 24. Bxh7 Kxh7 25. Be5 Ne8 26. Qf3 Nf6 27. Bxf6
gxf6 28. Rc5 Rg8 29. Rxa5 Qxa5 0-1

[Event "AUTO-INT-2583"]
[Site "http://www.queenalice.com/game.php?id=1221007"]
[Date "2013.9.30"]
[Round "2"]
[White "clark7a2"]
[Black "pablin"]
[Result "0-1"]
[WhiteElo "1458"]
[BlackElo "1691"]

1. e4 e5 2. d3 Nf6 3. Nf3 Nc6 4. Be2 Bc5 5. O-O O-O 6. c3 d6 7. h3 Re8 8. Nh2 b5
9. Be3 b4 10. Bxc5 dxc5 11. cxb4 cxb4 12. a3 Be6 13. axb4 Nxb4 14. Nd2 c5 15.
Ndf3 Nh5 16. Nxe5 Nf4 17. Nc4 Qg5 18. g4 Nxh3+ 19. Kh1 Nf4 20. f3 Red8 21. b3
Nxe2 22. Qxe2 Nxd3 23. Rad1 Nf4 24. Rxd8+ Rxd8 25. Qc2 Qh4 26. Qf2 Qxf2 27. Rxf2
f6 28. Kg1 Nh3+ 29. Kg2 Nxf2 30. Kxf2 Bxc4 31. bxc4 a5 32. Nf1 Rd4 33. Ne3 a4
34. Ke2 Rd6 35. Nc2 Rd4 36. Nxd4 cxd4 37. Kd3 a3 38. Kc2 a2 39. Kb2 d3 40. Kxa2
d2 41. Kb2 d1=Q 42. Kc3 Qxf3+ 43. Kb4 Qxe4 44. Kb5 Qxg4 45. c5 h5 46. c6 Qc8 0-1

[Event "AUTO-INT-2668"]
[Site "http://www.queenalice.com/game.php?id=1235357"]
[Date "2013.11.26"]
[Round "2"]
[White "mvson33"]
[Black "pablin"]
[Result "0-1"]
[WhiteElo "1739"]
[BlackElo "1793"]

1. e4 e5 2. Nf3 Nf6 3. Nc3 Bc5 4. Bc4 d6 5. O-O O-O 6. d3 Bg4 7. Bg5 h6 8. Bh4
Nc6 9. Nd5 g5 10. Nxf6+ Qxf6 11. Bg3 Nd4 12. Re1 Bxf3 0-1

[Event "AUTO-INT-2668"]
[Site "http://www.queenalice.com/game.php?id=1235358"]
[Date "2013.11.26"]
[Round "2"]
[White "pablin"]
[Black "mvson33"]
[Result "0-1"]
[WhiteElo "1813"]
[BlackElo "1719"]

1. d4 Nf6 2. c4 g6 3. Nf3 Bg7 4. Bf4 O-O 5. Nc3 d6 6. e4 Bd7 7. b4 Nc6 8. c5
dxc5 9. bxc5 Bg4 10. Bb5 Nxd4 11. Qxd4 Bxf3 12. gxf3 Qxd4 0-1

[Event "AUTO-INT-2668"]
[Site "http://www.queenalice.com/game.php?id=1247759"]
[Date "2014.1.13"]
[Round "3"]
[White "DORLISS"]
[Black "pablin"]
[Result "1-0"]
[WhiteElo "1818"]
[BlackElo "1794"]

1. e4 e5 2. Nf3 Nf6 3. Bc4 d5 4. exd5 Nxd5 5. O-O Nc6 6. d4 exd4 7. Nxd4 Bc5 8.
Re1+ Be7 9. Nf5 Bxf5 10. Qxd5 Qxd5 11. Bxd5 Be6 12. Bxe6 Nd4 13. Bb3 Nf5 14. Bg5
1-0

[Event "AUTO-INT-2668"]
[Site "http://www.queenalice.com/game.php?id=1247760"]
[Date "2014.1.13"]
[Round "3"]
[White "pablin"]
[Black "DORLISS"]
[Result "1-0"]
[WhiteElo "1740"]
[BlackElo "1805"]

1. d4 Nf6 2. c4 g6 3. Nf3 Bg7 4. Nc3 c6 5. e4 O-O 6. h3 d5 7. cxd5 e5 8. dxe5
Nxe4 9. Nxe4 cxd5 10. Nc5 Qa5+ 11. Qd2 Qxc5 12. b3 Nd7 13. Bb2 Nxe5 14. Nxe5 Re8
15. Rc1 Qd6 16. Bb5 Re7 17. O-O Bxe5 18. Rfe1 Bf4 19. Qd4 Bh6 20. Qh8# 1-0

[Event "AUTO-INT-2668"]
[Site "http://www.queenalice.com/game.php?id=1247761"]
[Date "2014.1.13"]
[Round "3"]
[White "mvson33"]
[Black "pablin"]
[Result "1/2-1/2"]
[WhiteElo "1734"]
[BlackElo "1740"]

1. d4 d5 2. Nf3 Nf6 3. Nc3 Nc6 4. Bf4 Bf5 5. e3 e6 6. Bb5 a6 7. Bxc6+ bxc6 8.
O-O Bd6 9. Ne5 O-O 10. Nxc6 Qe8 11. Bxd6 cxd6 12. Na5 e5 13. dxe5 dxe5 14. Nb3
Qc6 15. Qd2 Ne4 16. Nxe4 Bxe4 17. Rac1 Rfc8 18. c3 a5 1/2-1/2

[Event "AUTO-INT-2668"]
[Site "http://www.queenalice.com/game.php?id=1247762"]
[Date "2014.1.13"]
[Round "3"]
[White "pablin"]
[Black "mvson33"]
[Result "0-1"]
[WhiteElo "1779"]
[BlackElo "1715"]

1. d4 d5 2. c4 Nf6 3. Nc3 Nc6 4. Nf3 Bg4 5. Bg5 g6 6. Bxf6 exf6 7. Nxd5 Bg7 8.
h3 Bxf3 9. exf3 O-O 10. Qa4 Re8+ 11. Be2 Nxd4 12. Ne3 f5 13. f4 Nxe2 14. Kxe2
Qd4 15. Rhd1 Qxf4 16. Qb3 Qe5 17. Rab1 Rab8 18. Kf1 Qh2 0-1

[Event "AUTO-INT-2575"]
[Site "http://www.queenalice.com/game.php?id=1262405"]
[Date "2014.3.5"]
[Round "3"]
[White "pablin"]
[Black "biskydad"]
[Result "0-1"]
[WhiteElo "1759"]
[BlackElo "1724"]

1. d4 c5 2. d5 e6 3. d6 Nf6 4. Nc3 Nc6 5. e4 e5 6. Bg5 h6 7. Be3 Nd4 8. Nf3 Bxd6
9. Bc4 Qb6 10. b3 Ng4 11. O-O Nxf3+ 12. Qxf3 Nxe3 13. Qxf7+ Kd8 0-1

[Event "AUTO-INT-2575"]
[Site "http://www.queenalice.com/game.php?id=1262406"]
[Date "2014.3.5"]
[Round "3"]
[White "biskydad"]
[Black "pablin"]
[Result "1-0"]
[WhiteElo "1741"]
[BlackElo "1742"]

1. e4 e5 2. d4 Nc6 3. d5 Na5 4. Nf3 d6 5. c3 c6 6. b4 cxd5 7. bxa5 Qxa5 8. exd5
Nf6 9. h3 Nxd5 10. Bd2 Nf4 11. Bxf4 exf4 12. Bd3 1-0